Mario de A-Z - Statistiques

Statistiques générales
  • Ce quiz a été pris 250 fois
  • Le résultat moyen est 11 sur 26
Statistiques - réponses
Lettre Indice Réponse % Correct
L Plombier Vert Luigi
96%
M Plombier Rouge Mario
96%
P Princesse du Royaume Champignon Peach
90%
B Roi des Koopas Bowser
89%
D Princesse de Sarasaland Daisy
88%
T Petit Bonhomme Champignon Toad
87%
Y Petit Dinosaure Vert Yoshi
87%
W Rival de Mario Wario
86%
H Princesse de l'Espace Harmonie
79%
I 1 des 8 Koopalings Iggy
46%
K Koopa a la Robe Bleue Kamek
46%
F Grosse Plante Piranha Flora Piranha
39%
J Notre companion dans Super Mario Sunchine Jet
38%
C Hâbitant du Pays des Chapeaux Cappy
35%
R Reine du Royaume des Abeilles Reine des Abeilles
27%
E Chien Fantôme Compagnon de Luigi Ectochien
23%
G Poupée en Bois Geno
15%
O Petit Poisson Skelette Ossec
14%
A Petit Frère da l'Auto Bill Bourin Auto Bill Ball
13%
X Mignons de la Princesse Xhampi Xhampis
10%
V Plus Jeune Membre de l'Obscur Trio Viviane
9%
S 1 des 4 Broodals Spewart
7%
N Groupe de Bloups Nounou Bloups
5%
U Chien Gomme de Super Mario Maker Undodog
5%
Q Chef de la Tribu des Cragnons Quartz
3%
Z Hâbitants du Pays des Sables Zuituzècs
2%
Aucun quiz correspondant
Distribution des résultats
% des personnes avec chaque résultat
Percentile par nombre de réponses
Votre historique - résultats
Vous n’avez pas pris ce quiz